[Event "Champ FRA - Under 8"]
[Site "Europe Echecs"]
[Date "2020.07.06"]
[Round "3"]
[Time "14:52:19"]
[PlyCount "49"]
[White "GriffonLoris"]
[Black "JarryEliot"]
[WhiteElo "1200"]
[BlackElo "890"]
[Mode "WEB"]
[Result "1-0"]

1. e4 e5 2. Nf3 Nc6 3. d4 exd4 4. Nxd4 Bc5 5. Be3 Nf6 6. Bc4 Nxe4 7. O-O d5 8.
Nxc6 bxc6 9. Bxd5 cxd5 10. Bxc5 Ba6 11. Re1 Rb8 12. Nc3 Rc8 13. Nxe4 Rb8 14. Rb1
Rb7 15. Nd6+ Kf8 16. Nxb7+ Kg8 17. Nxd8 g6 18. Bxa7 Kf8 19. Bd4 Rg8 20. Nc6 f5
21. Re7 Bb5 22. Bg7+ Rxg7 23. Rxg7 Kxg7 24. Qxd5 Bxc6 {JarryEliot a abandonné} 1-0

[Event "Champ FRA - Under 8"]
[Site "Europe Echecs"]
[Date "2020.07.06"]
[Round "3"]
[Time "14:52:19"]
[PlyCount "60"]
[White "CarnetAnaelle"]
[Black "GanbatTushig"]
[WhiteElo "1160"]
[BlackElo "799"]
[Mode "WEB"]
[Result "1-0"]

1. e4 e5 2. Nf3 Nc6 3. Bc4 Bc5 4. c3 Nf6 5. d4 exd4 6. cxd4 Bb4+ 7. Bd2 Bxd2+ 8.
Nbxd2 O-O 9. Ng5 d5 10. exd5 Nxd5 11. Qf3 Re8+ 12. Nde4 Be6 13. O-O a6 14. Bxd5
Bxd5 15. Qh3 Bxe4 16. Nxe4 h6 17. Ng3 Nxd4 18. Rad1 c6 19. Nf5 Ne2+ 20. Kh1 Qf6
21. Nh4 Qxb2 22. Qg4 Qxa2 23. Nf5 g6 24. Nxh6+ Kg7 25. Qg5 f6 26. Qh4 Qc2 27.
Rd6 Re4 28. Qxf6+ Kh7 29. Qxg6+ Kh8 30. Nf7# {GanbatTushig est échec et mat} 1-0

[Event "Champ FRA - Under 8"]
[Site "Europe Echecs"]
[Date "2020.07.06"]
[Round "3"]
[Time "14:52:19"]
[PlyCount "44"]
[White "KeyrillosGabri"]
[Black "ClaverieMartin"]
[WhiteElo "1044"]
[BlackElo "810"]
[Mode "WEB"]
[Result "1-0"]

1. d4 d5 2. c4 Nf6 3. cxd5 Nxd5 4. e4 Nf6 5. Nc3 Nc6 6. Nf3 Bg4 7. Bb5 Bxf3 8.
Bxc6+ bxc6 9. gxf3 e6 10. Bg5 h6 11. Bh4 Bb4 12. a3 Ba5 13. b4 Bb6 14. Qa4 O-O
15. Qxc6 Bxd4 16. Rd1 Bxc3+ 17. Qxc3 Rb8 18. Bxf6 gxf6 19. Rxd8 Rbxd8 20. Qxf6
Rde8 21. Rg1+ Kh7 22. Qg7# {ClaverieMartin est échec et mat} 1-0

[Event "Champ FRA - Under 8"]
[Site "Europe Echecs"]
[Date "2020.07.06"]
[Round "3"]
[Time "14:52:19"]
[PlyCount "43"]
[White "DemangeSymeon"]
[Black "AnseeuwEmma"]
[WhiteElo "799"]
[BlackElo "1228"]
[Mode "WEB"]
[Result "0-1"]

1. e4 e5 2. Nf3 Nc6 3. d4 d6 4. dxe5 dxe5 5. Qxd8+ Nxd8 6. Nxe5 Nf6 7. Bc4 Be6
8. Bxe6 Nxe6 9. Nc3 Bd6 10. Bf4 Nh5 11. g3 Nhxf4 12. gxf4 Nxf4 13. Nc4 Ng2+ 14.
Ke2 Nf4+ 15. Kd1 O-O 16. Kd2 Rad8 17. Nxd6 Rxd6+ 18. Kc1 a5 19. Nb5 Rd7 20. Rd1
Ne2+ 21. Kb1 Rxd1# {DemangeSymeon est échec et mat} 0-1

[Event "Champ FRA - Under 8"]
[Site "Europe Echecs"]
[Date "2020.07.06"]
[Round "3"]
[Time "14:52:19"]
[PlyCount "62"]
[White "GrondinNathan"]
[Black "MouradianIchrh"]
[WhiteElo "1300"]
[BlackElo "920"]
[Mode "WEB"]
[Result "1-0"]

1. e4 e5 2. Nf3 Nc6 3. d4 exd4 4. Nxd4 Bb4+ 5. c3 Bc5 6. Be3 Bxd4 7. cxd4 Qf6 8.
Bb5 b6 9. O-O Qe6 10. d5 Qe5 11. Bxc6 dxc6 12. dxc6 Qxb2 13. Nd2 Nf6 14. Qb1 Qe5
15. Nf3 Qd6 16. e5 Qxc6 17. exf6 gxf6 18. Re1 Rg8 19. Bd2+ Kd8 20. Qd3+ Bd7 21.
Qxh7 Re8 22. Rxe8+ Bxe8 23. Re1 Bd7 24. Qg8+ Be8 25. Rd1 Qa4 26. Re1 Kd7 27. Qg3
Qxa2 28. Qh3+ Kd8 29. Bf4 Bd7 30. Qh8+ Be8 31. Qxe8# {MouradianIchrh est échec et mat} 1-0

[Event "Champ FRA - Under 8"]
[Site "Europe Echecs"]
[Date "2020.07.06"]
[Round "3"]
[Time "14:52:19"]
[PlyCount "49"]
[White "RaykoPauline"]
[Black "JourdainLouis"]
[WhiteElo "900"]
[BlackElo "1170"]
[Mode "WEB"]
[Result "0-1"]

1. e4 e5 2. Nf3 Nc6 3. Bb5 Bc5 4. Bxc6 dxc6 5. Nc3 Nf6 6. d3 O-O 7. Nxe5 Bd4 8.
Nf3 Bxc3+ 9. bxc3 Qd6 10. e5 Qe7 11. Bg5 h6 12. Bxf6 gxf6 13. O-O fxe5 14. Re1
e4 15. dxe4 Qf6 16. Rc1 Qxc3 17. Rb1 Bg4 18. Rb3 Bxf3 19. gxf3 Qg7+ 20. Kh1 Rad8
21. Rd3 Rxd3 22. Qxd3 Kh8 23. Qd7 Rg8 24. Qxc7 Qg2# {RaykoPauline est échec et mat} 0-1

[Event "Champ FRA - Under 8"]
[Site "Europe Echecs"]
[Date "2020.07.06"]
[Round "3"]
[Time "14:52:19"]
[PlyCount "128"]
[White "VidalAlexandre"]
[Black "BonnayTramoniB"]
[WhiteElo "1130"]
[BlackElo "799"]
[Mode "WEB"]
[Result "1-0"]

1. e4 e5 2. Nf3 Bc5 3. Nc3 Nf6 4. Bc4 Ng4 5. O-O O-O 6. h3 Nf6 7. d3 Nc6 8. Bg5
h6 9. Bh4 g5 10. Nxg5 hxg5 11. Bxg5 d6 12. Nd5 Kg7 13. Bxf6+ Qxf6 14. Nxf6 Kxf6
15. Qf3+ Ke7 16. c3 f6 17. Rad1 f5 18. exf5 Bxf5 19. d4 exd4 20. cxd4 Bc2 21.
Rd2 Rxf3 22. gxf3 Bxd4 23. Rxc2 Be5 24. Re2 Nd4 25. Re4 c6 26. f4 d5 27. Rxe5+
Kd6 28. Rd1 Nf3+ 29. Kg2 Nxe5 30. fxe5+ Kxe5 31. Re1+ Kd4 32. Bf1 Rg8+ 33. Kh1
Rf8 34. Rd1+ Ke5 35. Re1+ Kd6 36. Kg2 Rg8+ 37. Kh2 Rf8 38. Kg3 Rg8+ 39. Kh4 Rf8
40. Kg4 Rxf2 41. Kg3 Rxb2 42. Re2 Rb1 43. Bg2 Rg1 44. Kh2 Rb1 45. h4 d4 46. Kg3
d3 47. Rd2 Ra1 48. Rxd3+ Kc5 49. Rc3+ Kb6 50. Rb3+ Kc5 51. h5 Rxa2 52. h6 Kc4
53. Rf3 Ra5 54. Rf4+ Kc3 55. Rh4 Ra3 56. h7 Kd2+ 57. Kf2 Ra2 58. h8=Q Ra4 59.
Qh6+ Kc2 60. Rxa4 b5 61. Rxa7 b4 62. Qe3 b3 63. Be4+ Kb2 64. Qd2# {BonnayTramoniB est échec et mat} 1-0

[Event "Champ FRA - Under 8"]
[Site "Europe Echecs"]
[Date "2020.07.06"]
[Round "3"]
[Time "14:52:19"]
[PlyCount "70"]
[White "ChenSophie"]
[Black "GiulianiGiovan"]
[WhiteElo "800"]
[BlackElo "1120"]
[Mode "WEB"]
[Result "1-0"]

1. e4 e5 2. Nf3 Nc6 3. Bc4 Bc5 4. O-O Nb4 5. a3 Nc6 6. Bd5 Nd4 7. Nxd4 Bxd4 8.
c3 Bb6 9. d4 exd4 10. cxd4 Qh4 11. e5 c5 12. Re1 cxd4 13. Re4 Qh6 14. a4 Qh5 15.
a5 Bc5 16. b4 Bxb4 17. Qxd4 Be1 18. Rxe1 d6 19. exd6+ Kf8 20. Re5 Qh6 21. Nd2
Qg6 22. d7 Bxd7 23. Ne4 Bf5 24. Nd2 Bd3 25. Ba3+ Ne7 26. Be4 Bxe4 27. Bxe7+ Ke8
28. Nxe4 Qxg2+ 29. Kxg2 g5 30. Nxg5 f6 31. Rf5 Rf8 32. Bxf8 Rd8 33. Qe4+ Kxf8
34. Rxf6+ Kg8 35. Qxh7# {GiulianiGiovan est échec et mat} 1-0

[Event "Champ FRA - Under 8"]
[Site "Europe Echecs"]
[Date "2020.07.06"]
[Round "3"]
[Time "14:52:19"]
[PlyCount "110"]
[White "BarrialMaxence"]
[Black "MindeHeloise"]
[WhiteElo "799"]
[BlackElo "1110"]
[Mode "WEB"]
[Result "1-0"]

1. f4 d5 2. d4 Nc6 3. Nf3 f6 4. b3 g5 5. fxg5 fxg5 6. Nxg5 e5 7. dxe5 Nxe5 8.
Bb2 Bb4+ 9. c3 Ba5 10. b4 Bb6 11. c4 dxc4 12. Qxd8+ Kxd8 13. Bxe5 Nf6 14. Bxf6+
Kd7 15. Bxh8 h6 16. e3 hxg5 17. Bxc4 c5 18. Bb5+ Kd6 19. Nc3 c4 20. Bxc4 Bxe3
21. Ne4+ Kc6 22. Nd2 Bd4 23. O-O-O Bxh8 24. Rhe1 Bc3 25. Re2 Bxd2+ 26. Rdxd2 g4
27. Re6+ Kc7 28. Rde2 Kd7 29. Re7+ Kd6 30. Rd2+ Kc6 31. Bd5+ Kb5 32. Bxb7 Bxb7
33. Rxb7+ Ka4 34. Rdd7 Ka3 35. Rxa7+ Rxa7 36. Rxa7+ Kxb4 37. a3+ Kb3 38. a4 Kb4
39. a5 Kb5 40. a6 Kb6 41. Ra8 g3 42. hxg3 Kb5 43. g4 Kc6 44. g5 Kd6 45. g6 Ke7
46. g7 Kf7 47. Ra7+ Kg8 48. Rd7 Kh7 49. a7 Kg6 50. g8=Q+ Kf5 51. a8=Q Ke5 52.
Re7+ Kd6 53. Qgd8+ Kc5 54. Rc7+ Kb4 55. Qdb8# {MindeHeloise est échec et mat} 1-0

[Event "Champ FRA - Under 8"]
[Site "Europe Echecs"]
[Date "2020.07.06"]
[Round "3"]
[Time "14:52:19"]
[PlyCount "66"]
[White "ColinFelix"]
[Black "PeuzinNoan"]
[WhiteElo "799"]
[BlackElo "1080"]
[Mode "WEB"]
[Result "1-0"]

1. e4 e5 2. Nf3 Bc5 3. Nxe5 Qf6 4. Nf3 Qh6 5. Nc3 Nf6 6. d4 Bxd4 7. Bxh6 gxh6 8.
Nxd4 Nxe4 9. Nxe4 Na6 10. Bxa6 bxa6 11. O-O Bb7 12. Nf6+ Ke7 13. Ng4 Rhg8 14.
Ne3 Bxg2 15. Re1 Bf3+ 16. Kf1 Bxd1 17. Raxd1 Rab8 18. b3 Rg5 19. h4 Rh5 20. a4
c5 21. Ne2 Rc8 22. Ng3 Rxh4 23. Nef5+ Kf6 24. Nxh4 Kg5 25. Rxd7 Rb8 26. Rxa7 Rd8
27. Rxa6 Rd7 28. Re5+ Kf4 29. Rxc5 Rd1+ 30. Kg2 Kg4 31. Rc4+ Kg5 32. Ra5+ f5 33.
Rxf5# {PeuzinNoan est échec et mat} 1-0

[Event "Champ FRA - Under 8"]
[Site "Europe Echecs"]
[Date "2020.07.06"]
[Round "3"]
[Time "14:52:19"]
[PlyCount "52"]
[White "SchmittVavihel"]
[Black "DorgereLouka"]
[WhiteElo "1020"]
[BlackElo "799"]
[Mode "WEB"]
[Result "1-0"]

1. e4 e5 2. Bc4 Nf6 3. Nc3 Nc6 4. Nf3 d6 5. O-O Bg4 6. h3 Bxf3 7. Qxf3 Nb4 8.
Qd1 Be7 9. d3 O-O 10. Bg5 h6 11. Bxf6 Bxf6 12. Re1 Bg5 13. Re2 Bh4 14. a3 Nc6
15. Bb5 Qf6 16. Bxc6 bxc6 17. g3 Bg5 18. h4 Bxh4 19. gxh4 Qxh4 20. Re3 Qg5+ 21.
Kf1 Qh5 22. Qxh5 g6 23. Qxh6 Rfe8 24. Rf3 Rf8 25. Rh3 Rfb8 26. Qh8# {DorgereLouka est échec et mat} 1-0

[Event "Champ FRA - Under 8"]
[Site "Europe Echecs"]
[Date "2020.07.06"]
[Round "3"]
[Time "14:52:19"]
[PlyCount "77"]
[White "HouAudric"]
[Black "CosynsThibault"]
[WhiteElo "799"]
[BlackElo "990"]
[Mode "WEB"]
[Result "0-1"]

1. d4 d5 2. Bg5 f6 3. Be3 e6 4. f4 e5 5. fxe5 fxe5 6. dxe5 Qd7 7. g4 Qf5 8. gxf5
g6 9. h3 gxf5 10. e6 Bxe6 11. Bg2 Bh6 12. Bf3 Bxe3 13. Bh5+ Bf7 14. Bxf7+ Kxf7
15. Nf3 Nc6 16. Nh4 Nh6 17. c3 Ng8 18. Nxf5 Bc5 19. Nh6+ Nxh6 20. b4 Be3 21. b5
a6 22. bxc6 bxc6 23. Qd3 Bc5 24. Qf3+ Ke7 25. Rg1 Bxg1 26. Kf1 Bc5 27. Nd2 Rhf8
28. Qf2 Rxf2+ 29. Ke1 Rh2 30. Rb1 Rxh3 31. Rb7 Kd7 32. Rb5 cxb5 33. Kf1 Rh1+ 34.
Kg2 Rd1 35. Nf3 Rg8+ 36. Kh3 Rh1+ 37. Nh2 Bd6 38. Kh4 Rxh2# {HouAudric est échec et mat} 0-1

[Event "Champ FRA - Under 8"]
[Site "Europe Echecs"]
[Date "2020.07.06"]
[Round "3"]
[Time "14:52:19"]
[PlyCount "76"]
[White "SinivassaneNil"]
[Black "KhantalinIrakl"]
[WhiteElo "980"]
[BlackElo "799"]
[Mode "WEB"]
[Result "1-0"]

1. e4 e5 2. Nf3 Nc6 3. Bb5 Bc5 4. Bxc6 dxc6 5. Nxe5 Bd6 6. Nf3 Nf6 7. e5 Bxe5 8.
Nxe5 O-O 9. O-O Re8 10. Nf3 Bg4 11. h3 Bxf3 12. Qxf3 Qd5 13. Qxd5 cxd5 14. Nc3
d4 15. Nb5 a6 16. Nxc7 Rac8 17. Nxe8 Rxe8 18. d3 Re2 19. Bg5 Rxc2 20. Bxf6 gxf6
21. Rfc1 Rxb2 22. Rcb1 Rd2 23. Rxb7 Rxd3 24. Rb8+ Kg7 25. f4 Rc3 26. Rf1 d3 27.
Kf2 d2 28. Rd1 Rc2 29. Ke2 Rxa2 30. Rxd2 Ra1 31. Rdd8 Ra2+ 32. Kd1 Rxg2 33. Rg8+
Kh6 34. Rxg2 f5 35. Rb6+ f6 36. Rxf6+ Kh5 37. Rg5+ Kh4 38. Rh6# {KhantalinIrakl est échec et mat} 1-0

[Event "Champ FRA - Under 8"]
[Site "Europe Echecs"]
[Date "2020.07.06"]
[Round "3"]
[Time "14:52:19"]
[PlyCount "119"]
[White "PonzeveraAlexa"]
[Black "BocheNicolay"]
[WhiteElo "799"]
[BlackElo "960"]
[Mode "WEB"]
[Result "0-1"]

1. e4 e5 2. Nf3 Nf6 3. Nxe5 Nxe4 4. Qe2 Qe7 5. Qxe4 d6 6. d4 dxe5 7. dxe5 Qb4+
8. Qxb4 Bxb4+ 9. c3 Be7 10. Be3 O-O 11. b4 Nc6 12. Bc5 Bxc5 13. bxc5 Nxe5 14.
Nd2 Bf5 15. Bc4 Nxc4 16. Nxc4 Be6 17. Ne5 Rfe8 18. O-O Bd5 19. Rfe1 b6 20. cxb6
cxb6 21. f3 f6 22. f4 fxe5 23. fxe5 Re7 24. Rad1 Bxa2 25. h3 Bb3 26. Rd2 Rc8 27.
Rc1 Rxe5 28. Rb1 Rxc3 29. Rd8+ Kf7 30. Rd7+ Kf6 31. Rc1 Rxc1+ 32. Kh2 a5 33. Ra7
a4 34. g4 Re2+ 35. Kg3 Rc3+ 36. Kf4 Rf2+ 37. Ke4 Bc2+ 38. Kd4 Rd3+ 39. Kc4 a3
40. Kb4 Rff3 41. h4 Rb3+ 42. Kc4 Rf4+ 43. Kd5 Rb5+ 44. Kd6 Rd4+ 45. Kc7 Rc4+ 46.
Kb7 Be4+ 47. Kb8 Rd5 48. Rxa3 Rd8+ 49. Ka7 Rd3 50. Ra6 Bc6 51. Rxb6 Ra3+ 52. Kb8
Ra8+ 53. Kc7 Ke7 54. g5 Bf3+ 55. Rc6 Rxc6+ 56. Kb7 Rc4+ 57. Kb6 Rb8+ 58. Ka5 Rc1
59. Ka4 Ra1# {PonzeveraAlexa est échec et mat} 0-1

[Event "Champ FRA - Under 8"]
[Site "Europe Echecs"]
[Date "2020.07.06"]
[Round "3"]
[Time "14:52:19"]
[PlyCount "62"]
[White "VidalRaphael"]
[Black "GlonTombiAmbas"]
[WhiteElo "799"]
[BlackElo "920"]
[Mode "WEB"]
[Result "0-1"]

1. e4 e5 2. Nf3 Nc6 3. Nc3 Nf6 4. Bc4 Nd4 5. d3 Nxf3+ 6. Qxf3 Bc5 7. O-O O-O 8.
Bg5 Be7 9. Qg3 d6 10. Bh6 Nh5 11. Qxg7+ Nxg7 12. Bxg7 Kxg7 13. Ne2 Bg4 14. Ng3
Qd7 15. h3 Bh5 16. Nh1 Kh8 17. g4 Bg6 18. Ng3 Rg8 19. Be6 Qxe6 20. Ne2 Bg5 21.
Kh2 Bf4+ 22. Kg2 Rad8 23. Rh1 Bh6 24. f3 f6 25. h4 Bf7 26. h5 f5 27. exf5 Qxf5
28. Ng3 Qd7 29. Rhf1 Bf4 30. Nh1 Bd5 31. Rae1 {VidalRaphael a abandonné} 0-1

[Event "Champ FRA - Under 8"]
[Site "Europe Echecs"]
[Date "2020.07.06"]
[Round "3"]
[Time "14:52:19"]
[PlyCount "95"]
[White "LavissiereGene"]
[Black "MolinesThibaut"]
[WhiteElo "920"]
[BlackElo "799"]
[Mode "WEB"]
[Result "0-1"]

1. e4 e5 2. Nf3 Nc6 3. Bc4 Nf6 4. O-O Nxe4 5. d3 Nf6 6. Be3 Qe7 7. Ng5 h6 8.
Bxf7+ Kd8 9. Bd5 hxg5 10. Bxc6 bxc6 11. Bc5 Qxc5 12. d4 Qd6 13. Re1 exd4 14. Qe2
Bb7 15. Na3 Be7 16. Nb5 cxb5 17. f4 gxf4 18. g4 fxg3 19. hxg3 Rh3 20. g4 Nxg4
21. Qxg4 Rh8 22. Qxg7 Re8 23. Qh7 Rf8 24. Qe4 Rf4 25. c4 Rxe4 26. Rxe4 bxc4 27.
Rh4 Qg6+ 28. Rg4 Qxg4+ 29. Kh2 Ke8 30. Rf1 Qe2+ 31. Kg1 Qe3+ 32. Rf2 Qe1+ 33.
Rf1 Qd2 34. Rf2 Qe3 35. Kf1 c3 36. bxc3 dxc3 37. a4 Qd3+ 38. Re2 Qc4 39. a5 c2
40. Ke1 c1=Q+ 41. Kf2 Qd1 42. a6 Qdxe2+ 43. Kg3 Qee4 44. axb7 Rb8 45. Kh3 Qc3+
46. Kh2 Qe2+ 47. Kh1 Qc1# {LavissiereGene est échec et mat} 0-1

[Event "Champ FRA - Under 8"]
[Site "Europe Echecs"]
[Date "2020.07.06"]
[Round "4"]
[Time "15:20:55"]
[PlyCount "51"]
[White "TranAmarAndy"]
[Black "DavidianAron"]
[WhiteElo "1154"]
[BlackElo "1369"]
[Mode "WEB"]
[Result "0-1"]

1. d4 Nf6 2. c4 e6 3. Nc3 d5 4. Bg5 Bb4 5. a3 Bxc3+ 6. bxc3 dxc4 7. e3 b5 8. e4
h6 9. Bh4 g5 10. Bg3 Nxe4 11. Be5 f6 12. Bg3 Nxc3 13. Qf3 Nd5 14. a4 c6 15. Rb1
a6 16. Qa3 Qa5+ 17. Kd1 Nc3+ 18. Kc2 Nxb1 19. Kxb1 Qe1+ 20. Kb2 c3+ 21. Kc2 Qd2+
22. Kb1 c2+ 23. Ka2 c1=Q+ 24. Kb3 Qdc3+ 25. Ka2 Q3xa3# {TranAmarAndy est échec et mat} 0-1

[Event "Champ FRA - Under 8"]
[Site "Europe Echecs"]
[Date "2020.07.06"]
[Round "4"]
[Time "15:20:55"]
[PlyCount "70"]
[White "DeladerriereHe"]
[Black "SteinmetzBapti"]
[WhiteElo "1141"]
[BlackElo "1290"]
[Mode "WEB"]
[Result "1-0"]

1. e4 e5 2. Nf3 Nc6 3. Bc4 Nf6 4. Ng5 d5 5. exd5 Na5 6. Bb5+ c6 7. dxc6 bxc6 8.
Be2 Bc5 9. O-O h6 10. Nf3 e4 11. Ne5 Qc7 12. d4 exd3 13. Nxd3 Bd6 14. g3 Bh3 15.
Re1 O-O 16. Bf4 Bxf4 17. Nxf4 Bf5 18. Nc3 Rad8 19. Bd3 c5 20. Qf3 Bg4 21. Qg2 c4
22. Be2 Bf5 23. Nfd5 Nxd5 24. Nxd5 Qc5 25. Ne3 Rfe8 26. Qf3 Bh3 27. Bf1 Bxf1 28.
Kxf1 Qb5 29. Rab1 c3+ 30. Kg1 cxb2 31. a4 Qb4 32. Qf4 Re4 33. Qc7 Ree8 34. Qxa7
Rd2 35. Qa6 {SteinmetzBapti a perdu au temps} 1-0

[Event "Champ FRA - Under 8"]
[Site "Europe Echecs"]
[Date "2020.07.06"]
[Round "4"]
[Time "15:20:55"]
[PlyCount "82"]
[White "LacanrusDavid"]
[Black "MartellierAnto"]
[WhiteElo "1136"]
[BlackElo "1262"]
[Mode "WEB"]
[Result "1-0"]

1. e4 d5 2. exd5 Nf6 3. d4 Nxd5 4. Nf3 Bg4 5. h3 Bh5 6. Be2 Nc6 7. O-O e6 8. c4
Nf6 9. Be3 Qd7 10. Nc3 O-O-O 11. Ne5 Bxe2 12. Qxe2 Nxd4 13. Bxd4 Qxd4 14. Rad1
Qb6 15. Rxd8+ Kxd8 16. Nxf7+ Ke8 17. Nxh8 Be7 18. Re1 Kf8 19. Qxe6 Qxe6 20. Rxe6
Bc5 21. Nd5 c6 22. Nxf6 gxf6 23. Rxf6+ Kg7 24. Rf5 Bd4 25. Nf7 Bxb2 26. Nd6 b6
27. Rf7+ Kg6 28. Rxa7 Bd4 29. Rc7 c5 30. Rc6 Kg5 31. Rxb6 h5 32. a4 h4 33. a5
Kh5 34. Nf5 Bxf2+ 35. Kxf2 Kg5 36. a6 Kxf5 37. a7 Ke5 38. a8=Q Kd4 39. Qd5+ Kc3
40. Ke3 Kc2 41. Qd2# {MartellierAnto est échec et mat} 1-0

[Event "Champ FRA - Under 8"]
[Site "Europe Echecs"]
[Date "2020.07.06"]
[Round "4"]
[Time "15:20:55"]
[PlyCount "179"]
[White "CharrierShayan"]
[Black "ChenZhiyueDash"]
[WhiteElo "1260"]
[BlackElo "1119"]
[Mode "WEB"]
[Result "0-1"]

1. d4 Nf6 2. Nf3 e6 3. Bf4 Nc6 4. e3 d5 5. Nbd2 Bd6 6. Bg3 O-O 7. c3 Re8 8. Ne5
Nd7 9. f4 f6 10. Nxd7 Bxd7 11. Bd3 Qe7 12. O-O Qf7 13. Rf3 g6 14. Bh4 Qg7 15.
Rg3 f5 16. Nf3 Be7 17. Bxe7 Nxe7 18. Rh3 Nc6 19. Ng5 h6 20. Nf3 Rf8 21. Qe1 Rf6
22. Qh4 h5 23. Qg5 Kf8 24. Bb5 a6 25. Bxc6 Bxc6 26. Ne5 Be8 27. Rc1 Qe7 28. Qh6+
Qg7 29. Qxg7+ Kxg7 30. c4 Rc8 31. cxd5 exd5 32. Rc5 c6 33. Rc3 b6 34. Rb3 b5 35.
Ra3 Ra8 36. Rc3 Rc8 37. b4 Bf7 38. a4 bxa4 39. Ra3 Be8 40. Rxa4 Ra8 41. Nd3 c5
42. Ra1 cxb4 43. Nxb4 a5 44. Nxd5 Rd6 45. Nb4 a4 46. Nd3 a3 47. Ra2 Bf7 48. Ra1
a2 49. Rf3 Rb6 50. Rf2 Rb1+ 51. Rf1 Rxf1+ 52. Kxf1 Bc4 53. Ke2 Kf6 54. Kd2 Bxd3
55. Kxd3 Ke6 56. Kc2 Kd5 57. Kd3 Ra3+ 58. Kd2 Ke4 59. g3 Rd3+ 60. Kc2 Rxe3 61.
Kd2 Ra3 62. h4 Kxd4 63. Kc2 Rxg3 64. Rd1+ Kc4 65. Kb2 Rg4 66. Kxa2 Rxh4 67. Rc1+
Kd5 68. Rf1 Ke6 69. Kb3 Kf6 70. Kc4 g5 71. Kd3 Rxf4 72. Rxf4 gxf4 73. Ke2 Kg5
74. Kf3 h4 75. Kg2 Kg4 76. Kf2 h3 77. Kg1 f3 78. Kf2 h2 79. Ke3 h1=Q 80. Kd4 Qe1
81. Kd5 Qe4+ 82. Kc5 Qd3 83. Kb4 Qc2 84. Ka3 Qb1 85. Ka4 Kf4 86. Ka5 Ke5 87. Ka4
Kd4 88. Ka5 Kc5 89. Ka6 Qb6# {CharrierShayan est échec et mat} 0-1

[Event "Champ FRA - Under 8"]
[Site "Europe Echecs"]
[Date "2020.07.06"]
[Round "4"]
[Time "15:20:55"]
[PlyCount "128"]
[White "NottperaltaGab"]
[Black "TuMathias"]
[WhiteElo "1231"]
[BlackElo "1051"]
[Mode "WEB"]
[Result "1-0"]

1. e4 e5 2. Nf3 Nc6 3. Bc4 Bc5 4. d3 Nf6 5. Bg5 h6 6. Bh4 Be7 7. Bxf6 Bxf6 8.
Nc3 d6 9. Nd5 O-O 10. Qd2 a6 11. O-O-O b5 12. Bb3 a5 13. Kb1 a4 14. Nxf6+ Qxf6
15. Bd5 Bb7 16. Qc3 Nd8 17. Bxb7 Nxb7 18. Qxc7 Nc5 19. h3 Rfc8 20. Qb6 Rcb8 21.
Qc7 Rc8 22. Qb6 Rab8 23. Qa5 b4 24. a3 bxa3 25. Qc3 axb2 26. d4 Nxe4 27. Qe3
Nc3+ 28. Qxc3 Rxc3 29. dxe5 dxe5 30. Rd2 Ra8 31. Rhd1 a3 32. Ka2 Qe6+ 33. Kb1
a2+ 34. Kxb2 Rb3+ 35. cxb3 a1=Q+ 36. Rxa1 Rxa1 37. Kxa1 e4 38. Nd4 Qa6+ 39. Kb2
Qa5 40. Rd1 Qg5 41. g3 e3 42. h4 Qe5 43. fxe3 Qxe3 44. Nf5 Qf2+ 45. Kc1 Qxf5 46.
Rd2 g5 47. h5 Qg4 48. Rd8+ Kg7 49. Kb2 Qxg3 50. b4 Qe5+ 51. Ka3 Qc3+ 52. Ka4
Qa1+ 53. Kb5 Qf1+ 54. Ka5 Qf5+ 55. b5 g4 56. Ka6 Qf6+ 57. b6 Qxd8 58. Ka7 Qc7+
59. bxc7 g3 60. c8=Q g2 61. Qg4+ Kf8 62. Qxg2 f6 63. Qg6 Ke7 64. Qxh6 {TuMathias a abandonné} 1-0

[Event "Champ FRA - Under 8"]
[Site "Europe Echecs"]
[Date "2020.07.06"]
[Round "4"]
[Time "15:20:55"]
[PlyCount "43"]
[White "RoganovaJeremy"]
[Black "DuquesneAdrien"]
[WhiteElo "1020"]
[BlackElo "1230"]
[Mode "WEB"]
[Result "0-1"]

1. e4 e5 2. Nf3 Nc6 3. Bc4 Bc5 4. d3 Nf6 5. Ng5 O-O 6. O-O Ng4 7. Qxg4 d5 8. Qf3
dxc4 9. dxc4 Nd4 10. Qd3 f5 11. exf5 Bxf5 12. Qc3 Nxc2 13. Nd2 Nd4 14. Ngf3 Ne2+
15. Kh1 Nxc3 16. bxc3 Bg4 17. Nxe5 Be2 18. Re1 Bh5 19. Nb3 Bxf2 20. Re2 Bd4 21.
Re4 Rf1# {RoganovaJeremy est échec et mat} 0-1

[Event "Champ FRA - Under 8"]
[Site "Europe Echecs"]
[Date "2020.07.06"]
[Round "4"]
[Time "15:20:55"]
[PlyCount "97"]
[White "DaoAnna"]
[Black "TavaresRibeiro"]
[WhiteElo "799"]
[BlackElo "1225"]
[Mode "WEB"]
[Result "0-1"]

1. e4 c5 2. Nf3 Nc6 3. Nc3 g6 4. Bc4 Bg7 5. d3 Nf6 6. O-O O-O 7. h3 a6 8. Bd2 b5
9. Bd5 Bb7 10. Qc1 d6 11. Bh6 Qd7 12. Bxg7 Kxg7 13. Qd2 e6 14. Bxc6 Bxc6 15.
Rae1 Qc7 16. e5 dxe5 17. Nxe5 Nd5 18. Nxc6 Qxc6 19. Re5 Rad8 20. Rfe1 Rfe8 21.
R1e4 Nxc3 22. Qxc3 Qb7 23. Qxc5 Rc8 24. Qd4 Kg8 25. Qe3 h5 26. Qh6 f5 27. Rf4
Qg7 28. Qxg7+ Kxg7 29. d4 Kf7 30. c3 Kf6 31. b4 Rxc3 32. d5 Kxe5 33. Rh4 exd5
34. g4 fxg4 35. hxg4 hxg4 36. Rxg4 Kf5 37. Rd4 Re5 38. Kg2 Rc4 39. Rd3 Rxb4 40.
a3 Rbe4 41. f3 Re3 42. Rd4 Rxa3 43. Kg3 a5 44. Rf4+ Kg5 45. Rg4+ Kf6 46. Rh4 Rf5
47. Kg4 Raxf3 48. Rh6 d4 {DaoAnna a perdu au temps} 0-1

[Event "Champ FRA - Under 8"]
[Site "Europe Echecs"]
[Date "2020.07.06"]
[Round "4"]
[Time "15:20:55"]
[PlyCount "107"]
[White "LazignacAslany"]
[Black "LandolsiIyad"]
[WhiteElo "799"]
[BlackElo "1158"]
[Mode "WEB"]
[Result "0-1"]

1. e4 c5 2. Nf3 Nc6 3. Nc3 g6 4. Bc4 Bg7 5. d4 cxd4 6. Ne2 Nf6 7. Nexd4 Nxe4 8.
Nxc6 bxc6 9. O-O O-O 10. Re1 Nf6 11. Nd4 Bb7 12. Re3 d5 13. Bd3 c5 14. Nf3 Ng4
15. Re2 c4 16. h3 cxd3 17. Qxd3 Nf6 18. Nd4 e6 19. Qg3 Ne4 20. Qg4 Bxd4 21. h4
Bxf2+ 22. Kh1 Ng3+ 23. Kh2 Nxe2 24. Bd2 Qxh4+ 25. Qxh4 Bxh4 26. Rf1 Nd4 27. Rf4
Nf5 28. g4 Bg3+ 29. Kh3 Bxf4 30. Bxf4 Nd4 31. Be5 Nc6 32. Bf6 Rad8 33. Kh4 h6
34. g5 hxg5+ 35. Kxg5 e5 36. Kh6 Rd6 37. Bg7 Re8 38. Kg5 Kxg7 39. Kg4 f5+ 40.
Kf3 g5 41. Kg3 e4 42. Kf2 f4 43. Kg2 g4 44. Kf2 f3 45. Ke3 g3 46. Kd2 g2 47. Ke3
g1=Q+ 48. Kf4 Qh2+ 49. Ke3 Qe2+ 50. Kf4 Rf6+ 51. Kg5 Re5+ 52. Kh4 Qh2+ 53. Kg4
Rf4# {LazignacAslany est échec et mat} 0-1

[Event "Champ FRA - Under 8"]
[Site "Europe Echecs"]
[Date "2020.07.06"]
[Round "4"]
[Time "15:20:55"]
[PlyCount "95"]
[White "ArnouldMaxime"]
[Black "NicotValentin"]
[WhiteElo "1450"]
[BlackElo "1041"]
[Mode "WEB"]
[Result "0-1"]

1. e4 c5 2. Nc3 e6 3. d4 Qf6 4. e5 Qd8 5. Nf3 Nc6 6. Bf4 f6 7. exf6 Nxf6 8. Bg5
h6 9. Bh4 a6 10. Bc4 b5 11. Bd3 c4 12. Be2 d5 13. Ne5 Bb7 14. O-O Be7 15. Bxf6
Bxf6 16. Bh5+ Ke7 17. Ng6+ Kd7 18. Nxh8 Qxh8 19. Bg4 Re8 20. Qe1 Nxd4 21. Rc1
Qh7 22. Ne2 Nxc2 23. Qd2 Qg6 24. Bh3 d4 25. Rxc2 d3 26. Nc3 b4 27. Na4 Bd5 28.
Rcc1 Rb8 29. Nc5+ Ke7 30. Rfe1 Rb6 31. Re3 Bg5 32. Rxe6+ Bxe6 33. Qe1 d2 34. g3
dxe1=Q+ 35. Rxe1 Bd2 36. Re2 Rd6 37. f4 Qb1+ 38. Kg2 Qg6 39. f5 Qh5 40. g4 Qg5
41. fxe6 Qxc5 42. b3 c3 43. Kf1 c2 44. Rxd2 c1=Q+ 45. Kg2 Rxd2+ 46. Kg3 Q1c3+
47. Kh4 Qg5# {ArnouldMaxime est échec et mat} 0-1

[Event "Champ FRA - Under 8"]
[Site "Europe Echecs"]
[Date "2020.07.06"]
[Round "4"]
[Time "15:20:55"]
[PlyCount "38"]
[White "EboueZacharie"]
[Black "RosuMatei"]
[WhiteElo "1500"]
[BlackElo "1091"]
[Mode "WEB"]
[Result "1-0"]

1. e4 e5 2. Nf3 Nc6 3. Bb5 a6 4. Ba4 Nf6 5. Nc3 d6 6. d3 Bg4 7. Be3 Be7 8. O-O
d5 9. d4 exd4 10. Bxd4 dxe4 11. h3 Bxf3 12. gxf3 exf3 13. Qxf3 b5 14. Bb3 Nxd4
15. Qg2 O-O 16. Kh1 Nxb3 17. axb3 Bd6 18. Rg1 Re8 19. Qxg7# {RosuMatei est échec et mat} 1-0